[Event "Warsaw Maciei Memorial Blitz"]
[Site "Warsaw"]
[Date "2024.07.08"]
[Round "8"]
[White "Kicinski, Jacek"]
[Black "Goraj, Barbara"]
[Result "0-1"]
[WhiteElo "1935"]
[BlackElo "2155"]
[PlyCount "92"]
[EventDate "2024.07.08"]
[EventType "swiss (blitz)"]
[EventRounds "11"]
[EventCountry "POL"]
[SourceTitle "CBM 221 Extra"]
[Source "ChessBase"]
[SourceDate "2024.09.30"]
[SourceVersion "1"]
[SourceVersionDate "2024.09.30"]
[SourceQuality "1"]

1. d4 Nf6 2. Nf3 g6 3. Bg5 Bg7 4. c3 d5 5. e3 c6 6. Bd3 0-0 7. 0-0 Nbd7 8. Nbd2 h6 9. Bh4 Re8 10. e4 dxe4 11. Nxe4 Nxe4 12. Bxe4 Nf6 13. Bc2 Be6 14. Re1 Bg4 15. h3 Bxf3 16. Qxf3 Qd5 17. Qe3 Nh5 18. Bb3 Qd6 19. g4 Nf4 20. Bg3 g5 21. Bxf4 gxf4 22. Qe4 e6 23. Bc2 Rad8 24. h4 Kf8 25. g5 hxg5 26. hxg5 Ke7 27. g6 f6 28. Bb3 Kd7 29. Rad1 Re7 30. c4 Rh8 31. d5 cxd5 32. cxd5 e5 33. Qa4+ Kd8 34. Qxa7 e4 35. Rc1 f3 36. Qa8+ Kd7 37. Qxb7+ Ke8 38. Rc8+ Qd8 39. Rxd8+ Kxd8 40. Qb8+ Kd7 41. Qb7+ Kd8 42. Qb6+ Kd7 43. Qd6+ Kxd6 44. Rc1 Ree8 45. Rc6+ Ke5 46. Kf1 Rh1# 0-1

[Event "POL-chT 2nd League"]
[Site "Jastrzebia Gora"]
[Date "2023.09.09"]
[Round "8.94"]
[White "Bes, Michal"]
[Black "Kicinski, Jacek"]
[Result "1-0"]
[WhiteElo "2052"]
[BlackElo "1929"]
[PlyCount "75"]
[EventDate "2023.09.02"]
[EventType "team-swiss"]
[EventRounds "9"]
[EventCountry "POL"]
[SourceTitle "CBM 216 Extra"]
[Source "ChessBase"]
[SourceDate "2023.11.30"]
[SourceVersion "1"]
[SourceVersionDate "2023.11.30"]
[SourceQuality "1"]
[WhiteTeam "Wroclaw Hetman"]
[BlackTeam "Grodzisk Szachowa Dwojka"]
[WhiteTeamCountry "POL"]
[BlackTeamCountry "POL"]

1. e4 c6 2. d4 d5 3. exd5 cxd5 4. c4 Nf6 5. Nc3 Nc6 6. Nf3 g6 7. cxd5 Nxd5 8. Qb3 Nxc3 9. bxc3 Bg7 10. Be2 0-0 11. Bf4 b6 12. 0-0 Be6 13. Qa4 Rc8 14. Ba6 Qd7 15. Bxc8 Rxc8 16. Rad1 Qd5 17. Rfe1 Na5 18. Ne5 Qxa2 19. Qb5 Qd5 20. Qa6 Qb7 21. Qxb7 Nxb7 22. d5 Bxe5 23. Rxe5 Rd8 24. Rd4 Bd7 25. Rxe7 Kf8 26. Re1 Rc8 27. Bh6+ Kg8 28. Re7 Rd8 29. Rc4 Nd6 30. Rc7 Be8 31. g4 a5 32. c4 a4 33. Bf4 Nc8 34. Rxe8+ Rxe8 35. d6 Rd8 36. Bg5 a3 37. Bxd8 a2 38. Bf6 1-0

[Event "POL-chT 2nd League"]
[Site "Jastrzebia Gora"]
[Date "2023.09.05"]
[Round "4.46"]
[White "Rzeszowski, Dominik"]
[Black "Kicinski, Jacek"]
[Result "1-0"]
[WhiteElo "1940"]
[BlackElo "1929"]
[PlyCount "75"]
[EventDate "2023.09.02"]
[EventType "team-swiss"]
[EventRounds "9"]
[EventCountry "POL"]
[SourceTitle "CBM 216 Extra"]
[Source "ChessBase"]
[SourceDate "2023.11.30"]
[SourceVersion "1"]
[SourceVersionDate "2023.11.30"]
[SourceQuality "1"]
[WhiteTeam "Bialoleka Sparta"]
[BlackTeam "Grodzisk Szachowa Dwojka"]
[WhiteTeamCountry "POL"]
[BlackTeamCountry "POL"]

1. e4 c6 2. d4 d5 3. f3 e6 4. Be3 Qb6 5. Nd2 Nd7 6. Nb3 Ngf6 7. Bd3 e5 8. Qe2 Qc7 9. 0-0-0 dxe4 10. fxe4 exd4 11. Bxd4 Ne5 12. Nf3 Bd6 13. h3 Be6 14. Nc5 Bxa2 15. Nxb7 Nxd3+ 16. Qxd3 Bf4+ 17. Be3 Bxe3+ 18. Qxe3 Qxb7 19. b3 0-0 20. Kb2 Bxb3 21. cxb3 a5 22. Rd6 a4 23. Nd4 axb3 24. Rxf6 gxf6 25. Nf5 Kh8 26. Qd4 Ra2+ 27. Kb1 Ra1+ 28. Qxa1 b2 29. Qxb2 Qxb2+ 30. Kxb2 Re8 31. Rd1 h5 32. Nd6 Re6 33. Nxf7+ Kg7 34. Nd6 Kg6 35. Kc3 Kg5 36. Rd3 Kf4 37. Kc4 Re5 38. Rf3+ 1-0

[Event "POL-chT 2nd League"]
[Site "Jastrzebia Gora"]
[Date "2023.09.02"]
[Round "1.88"]
[White "Kicinski, Jacek"]
[Black "Warszawski, Bartosz"]
[Result "1-0"]
[WhiteElo "1929"]
[BlackElo "2159"]
[PlyCount "69"]
[EventDate "2023.09.02"]
[EventType "team-swiss"]
[EventRounds "9"]
[EventCountry "POL"]
[SourceTitle "CBM 216 Extra"]
[Source "ChessBase"]
[SourceDate "2023.11.30"]
[SourceVersion "1"]
[SourceVersionDate "2023.11.30"]
[SourceQuality "1"]
[WhiteTeam "Grodzisk Szachowa Dwojka"]
[BlackTeam "Warszawa YMCA"]
[WhiteTeamCountry "POL"]
[BlackTeamCountry "POL"]

1. d4 Nf6 2. Nf3 e6 3. Bg5 h6 4. Bh4 c5 5. e3 cxd4 6. exd4 b6 7. Nbd2 Be7 8. Bd3 Bb7 9. 0-0 0-0 10. c3 Nh5 11. Bxe7 Qxe7 12. Ne5 Nf4 13. Be4 Bxe4 14. Nxe4 d6 15. Nd3 Nxd3 16. Qxd3 d5 17. Nd2 Nc6 18. f4 Qf6 19. Rae1 Ne7 20. Re3 b5 21. g4 b4 22. Nf3 bxc3 23. bxc3 Qxf4 24. Ne5 Qg5 25. h4 Qxh4 26. Rh3 Qg5 27. Rh5 Qxh5 28. gxh5 Rac8 29. Rb1 Rc7 30. Rb3 Nf5 31. a4 Rfc8 32. a5 Nd6 33. Qb1 Ne4 34. Rb8 Nxc3 35. Rxc8+ 1-0

[Event "Rubinstein Memorial-C 53rd"]
[Site "Polanica Zdroj"]
[Date "2017.08.19"]
[Round "1"]
[White "Kicinski, Jacek"]
[Black "Kurtycz, Maciej"]
[Result "1-0"]
[WhiteElo "1955"]
[BlackElo "1495"]
[PlyCount "27"]
[EventDate "2017.08.19"]
[EventType "swiss"]
[EventRounds "9"]
[EventCountry "POL"]
[SourceTitle "CBM 180 Extra"]
[Source "ChessBase"]
[SourceDate "2017.10.06"]
[SourceVersion "1"]
[SourceVersionDate "2017.10.06"]
[SourceQuality "1"]

1. e4 e5 2. Nf3 Nc6 3. Bc4 Nf6 4. d4 exd4 5. 0-0 Nxe4 6. Re1 d5 7. Bxd5 Qxd5 8. Nc3 Qa5 9. Rxe4+ Be7 10. Nxd4 Bd7 11. Qe2 Nxd4 12. Rxd4 Be6 13. Qb5+ Qxb5 14. Nxb5 1-0

[Event "Lazy Baltic Pearl op 12th"]
[Site "Lazy"]
[Date "2016.07.05"]
[Round "9"]
[White "Kicinski, Jacek"]
[Black "Godzwon, Iwo"]
[Result "0-1"]
[WhiteElo "1998"]
[BlackElo "1884"]
[PlyCount "114"]
[EventDate "2016.06.26"]
[EventType "swiss"]
[EventRounds "9"]
[EventCountry "POL"]
[SourceTitle "CBM 173 Extra"]
[Source "ChessBase"]
[SourceDate "2016.08.29"]
[SourceVersion "1"]
[SourceVersionDate "2016.08.29"]
[SourceQuality "1"]

1. d4 Nf6 2. c4 g6 3. g3 c6 4. Bg2 d5 5. Nc3 Bg7 6. Nf3 0-0 7. 0-0 Bf5 8. Bf4 Ne4 9. Qb3 Qb6 10. Qxb6 axb6 11. cxd5 Nxc3 12. bxc3 cxd5 13. Ne5 Rd8 14. Rfc1 b5 15. Nd3 Nc6 16. a3 Bxd3 17. exd3 e5 18. dxe5 Bxe5 19. Bd2 d4 20. c4 bxc4 21. Rxc4 Ra6 22. a4 Rd7 23. Re1 f6 24. f4 Bc7 25. Bxc6 bxc6 26. Re6 Rd6 27. Re7 Bd8 28. Rb7 Bb6 29. a5 Bxa5 30. Ra4 Rb6 31. Rxb6 Bxb6 32. Kf2 Rd5 33. g4 Kf7 34. Ke2 h5 35. h3 hxg4 36. hxg4 Ke6 37. Ra8 Rd8 38. Ra6 Rb8 39. Kd1 Kd5 40. Kc2 Kc5 41. Ra1 Rh8 42. Re1 Kd6 43. Re2 Rh4 44. Rg2 Kd5 45. g5 f5 46. Re2 Bc7 47. Rf2 c5 48. Kb3 Rh3 49. Kc2 c4 50. dxc4+ Kxc4 51. Kb2 d3 52. Rf1 Rh2 53. Kc1 Bd6 54. Kd1 Bb4 55. Bxb4 Kxb4 56. Re1 Kc3 57. Rf1 Ra2 0-1

[Event "Lazy Baltic Pearl op 11th"]
[Site "Lazy"]
[Date "2015.07.03"]
[Round "6"]
[White "Kicinski, Jacek"]
[Black "Przerwa, Waldemar"]
[Result "1-0"]
[WhiteElo "2006"]
[BlackElo "1763"]
[PlyCount "79"]
[EventDate "2015.06.28"]
[EventType "swiss"]
[EventRounds "9"]
[EventCountry "POL"]
[SourceTitle "CBM 167 Extra"]
[Source "ChessBase"]
[SourceDate "2015.09.14"]
[SourceVersion "1"]
[SourceVersionDate "2015.09.14"]
[SourceQuality "1"]

1. e4 c6 2. d4 d5 3. Nc3 dxe4 4. Nxe4 Nd7 5. Bd3 Ndf6 6. Ng5 e6 7. Qe2 Bd6 8. N1f3 h6 9. Ne4 Nxe4 10. Qxe4 Nf6 11. Qe2 c5 12. dxc5 Bxc5 13. Be3 Qa5+ 14. c3 Bxe3 15. Qxe3 0-0 16. 0-0 Rd8 17. Rfd1 Bd7 18. a3 Be8 19. Rd2 Qc7 20. Rad1 b6 21. h3 Bc6 22. Nd4 Be8 23. Bc2 Kh8 24. Bb3 Nd5 25. Qe4 Nf6 26. Qf3 Bd7 27. Qe3 Re8 28. f4 Rac8 29. Nf3 Bc6 30. Ne5 Nd5 31. Bxd5 Bxd5 32. c4 Bxc4 33. Rd7 Qc5 34. Qxc5 Rxc5 35. b4 Rcc8 36. Nxf7+ Kh7 37. Nd6 Bb3 38. Rd3 Rc1+ 39. Kh2 Ba4 40. Nxe8 1-0

[Event "Lazy Baltic Pearl op 11th"]
[Site "Lazy"]
[Date "2015.06.29"]
[Round "2"]
[White "Kicinski, Jacek"]
[Black "Chylewski, Patryk"]
[Result "1/2-1/2"]
[WhiteElo "2006"]
[BlackElo "2131"]
[PlyCount "145"]
[EventDate "2015.06.28"]
[EventType "swiss"]
[EventRounds "9"]
[EventCountry "POL"]
[SourceTitle "CBM 167 Extra"]
[Source "ChessBase"]
[SourceDate "2015.09.14"]
[SourceVersion "1"]
[SourceVersionDate "2015.09.14"]
[SourceQuality "1"]

1. e4 c5 2. c3 d5 3. exd5 Qxd5 4. Na3 Nc6 5. Nf3 Bg4 6. Be2 e5 7. d3 Nf6 8. 0-0 Be7 9. Re1 0-0 10. Nc4 Rfe8 11. Nfxe5 Nxe5 12. Nxe5 Bxe2 13. Rxe2 Bf8 14. Nf3 Rxe2 15. Qxe2 Rd8 16. d4 cxd4 17. Nxd4 Bc5 18. Be3 Re8 19. Nc2 h6 20. h3 a5 21. Qd1 Bxe3 22. Nxe3 Qg5 23. Qf3 Qb5 24. b3 a4 25. c4 Qe5 26. Rb1 a3 27. Nc2 Qe2 28. Qxe2 Rxe2 29. Nxa3 Rxa2 30. Nb5 Ne4 31. Re1 Nd2 32. Nd6 Nxb3 33. Nxb7 Rc2 34. Nd6 Nd2 35. f3 Nxc4 36. Re8+ Kh7 37. Nxf7 Rd2 38. Kh2 Kg6 39. Nh8+ Kh7 40. Nf7 Kg6 41. Ne5+ Nxe5 42. Rxe5 Kf6 43. Ra5 Rd6 44. h4 g6 45. g4 Rb6 46. Kg3 Rc6 47. h5 gxh5 48. Rxh5 Kg6 49. Ra5 Rb6 50. f4 Rb3+ 51. Kh4 Rb1 52. f5+ Kg7 53. Ra7+ Kf6 54. Ra6+ Kg7 55. Rg6+ Kh7 56. Ra6 Kg7 57. Ra7+ Kf6 58. Kg3 Rg1+ 59. Kh4 Rb1 60. Rd7 Ra1 61. Kg3 Rb1 62. Rd6+ Kg7 63. Rg6+ Kh7 64. Re6 Kg7 65. Kf4 Rg1 66. Rg6+ Kh7 67. Ke5 Ra1 68. Rd6 Ra4 69. Rd7+ Kg8 70. Rd4 Ra5+ 71. Ke6 Ra6+ 72. Ke5 Ra5+ 73. Rd5 1/2-1/2

[Event "Polanica Zdroj op-B 43rd"]
[Site "Polanica Zdroj"]
[Date "2007.08.26"]
[Round "10.14"]
[White "Kicinski, Jacek"]
[Black "Sabuk, Piotr"]
[Result "0-1"]
[WhiteElo "2035"]
[BlackElo "1968"]
[PlyCount "56"]
[EventDate "2007.08.17"]
[EventType "swiss"]
[EventRounds "10"]
[EventCountry "POL"]
[SourceTitle "EXT 2023"]
[Source "ChessBase"]
[SourceDate "2022.10.05"]
[SourceVersion "1"]
[SourceVersionDate "2022.10.05"]
[SourceQuality "1"]

1. e4 e6 2. d4 d5 3. Nc3 Nf6 4. Bg5 Be7 5. e5 Nfd7 6. Bxe7 Qxe7 7. f4 a6 8. Nf3 c5 9. dxc5 Nxc5 10. Be2 Nc6 11. 0-0 0-0 12. Nd4 f6 13. Nxc6 bxc6 14. Qd4 Nd7 15. exf6 Qxf6 16. Qd3 Rb8 17. b3 Nc5 18. Qf3 Qd4+ 19. Kh1 e5 20. Rad1 Rxf4 21. Qh5 Rxf1+ 22. Bxf1 Bg4 23. Rxd4 Bxh5 24. Rh4 Bg6 25. Na4 Nxa4 26. Rxa4 Bxc2 27. Rxa6 Rf8 28. Kg1 Rxf1+ 0-1

[Event "Polanica Zdroj op-B 43rd"]
[Site "Polanica Zdroj"]
[Date "2007.08.24"]
[Round "8"]
[White "Kicinski, Jacek"]
[Black "Miechowicz, Witold"]
[Result "0-1"]
[WhiteElo "2035"]
[BlackElo "1972"]
[PlyCount "120"]
[EventDate "2007.08.17"]
[EventType "swiss"]
[EventRounds "10"]
[EventCountry "POL"]
[SourceTitle "CBM 120 Extra"]
[Source "ChessBase"]
[SourceDate "2007.11.01"]
[SourceVersion "1"]
[SourceVersionDate "2007.11.01"]
[SourceQuality "1"]

1. e4 e5 2. Nf3 Nf6 3. d4 Nxe4 4. Bd3 d5 5. Nxe5 Bd6 6. 0-0 Nc6 7. Nxc6 bxc6 8. c4 0-0 9. c5 Be7 10. Be3 f5 11. g3 Qe8 12. Nd2 Rb8 13. b3 Bf6 14. Rc1 Bd7 15. Re1 Qg6 16. Kh1 Rbe8 17. Rc2 Re7 18. Nf3 Rfe8 19. Bf4 Bc8 20. Ne5 Bxe5 21. Bxe5 Qf7 22. Qc1 h6 23. Rce2 Qh5 24. Kg2 Ng5 25. Qf4 Qh3+ 26. Kg1 Qh5 27. Kh1 Nf3 28. g4 fxg4 29. Rf1 Rf8 30. Qg3 Rfe8 31. Re3 Nxe5 32. dxe5 Rxe5 33. Rfe1 Rxe3 34. Rxe3 Rxe3 35. Qxe3 Qf7 36. Kg2 Be6 37. Be2 h5 38. Qg5 Bf5 39. Kf1 Kh7 40. Qf4 Bg6 41. Qa4 Qf6 42. Qxa7 Qf4 43. Qa6 Qxh2 44. Ke1 Qh1+ 45. Kd2 d4 46. Qc4 Qe4 47. Bd1 h4 48. Qe2 Qf4+ 49. Ke1 Bf5 50. Qe7 g3 51. fxg3 hxg3 52. Qe2 Bg6 53. b4 d3 54. Qg2 d2+ 55. Ke2 Bh5+ 56. Kd3 Bxd1 57. Qh1+ Kg8 58. Qxd1 g2 59. Qh5 d1Q+ 60. Qxd1 Qf1+ 0-1

[Event "Polanica Zdroj op-B 43rd"]
[Site "Polanica Zdroj"]
[Date "2007.08.24"]
[Round "7"]
[White "Wasik, Piotr"]
[Black "Kicinski, Jacek"]
[Result "1/2-1/2"]
[WhiteElo "1925"]
[BlackElo "2035"]
[PlyCount "111"]
[EventDate "2007.08.17"]
[EventType "swiss"]
[EventRounds "10"]
[EventCountry "POL"]
[SourceTitle "CBM 120 Extra"]
[Source "ChessBase"]
[SourceDate "2007.11.01"]
[SourceVersion "1"]
[SourceVersionDate "2007.11.01"]
[SourceQuality "1"]

1. e4 c6 2. c4 d5 3. cxd5 cxd5 4. exd5 Qxd5 5. Nc3 Qd8 6. d4 e6 7. g3 Nf6 8. Bg2 Nbd7 9. Nge2 Nb6 10. 0-0 Be7 11. Ne4 0-0 12. Qb3 Nbd5 13. N2c3 Nxe4 14. Bxe4 Nf6 15. Bg2 Qxd4 16. Be3 Qb4 17. Qc2 a6 18. a3 Qc4 19. Rfd1 Rd8 20. Bb6 Rxd1+ 21. Rxd1 Nd5 22. Bxd5 exd5 23. Rxd5 Be6 24. Rd2 Rc8 25. Qd1 h6 26. Nd5 Bc5 27. Bxc5 Qxc5 28. b4 Qf8 29. Nb6 Re8 30. Qf3 Qe7 31. Nd5 Qg5 32. Nf4 Bc4 33. Qxb7 Qe5 34. Rd1 g5 35. Ng2 Qc3 36. Qd7 Bb5 37. Qd4 Qxa3 38. h4 Qf3 39. Qd5 Qxd5 40. Rxd5 Re4 41. hxg5 hxg5 42. Rxg5+ Kf8 43. Ne3 Rxb4 44. Kg2 a5 45. Nc2 Rb2 46. Nd4 Bd3 47. Rxa5 Be4+ 48. Kf1 Kg7 49. Re5 Bb7 50. Ke1 Ba6 51. Ne2 Kf6 52. f4 Rb3 53. Kf2 Rb2 54. g4 Bc8 55. g5+ Kg6 56. Ke3 1/2-1/2

[Event "POL-chT Liga Mazowiecka 2006/07"]
[Site "Poland"]
[Date "2006.12.10"]
[Round "5.22"]
[White "Pietrzak, Wojciech"]
[Black "Kicinski, Jacek"]
[Result "0-1"]
[WhiteElo "1966"]
[BlackElo "2004"]
[PlyCount "52"]
[EventDate "2006.10.22"]
[EventType "team-swiss"]
[EventRounds "9"]
[EventCountry "POL"]
[SourceTitle "EXT 2011"]
[Source "ChessBase"]
[SourceDate "2010.11.26"]
[SourceVersion "1"]
[SourceVersionDate "2010.11.26"]
[SourceQuality "1"]
[WhiteTeam "Grodzisk Polfa Mazowiecki II"]
[BlackTeam "Warszawa Entropia"]
[WhiteTeamCountry "POL"]
[BlackTeamCountry "POL"]

1. e4 c6 2. d4 d5 3. Nc3 dxe4 4. f3 exf3 5. Nxf3 Bg4 6. Be3 Nf6 7. Be2 Bxf3 8. Bxf3 e6 9. Qe2 Nbd7 10. 0-0 Be7 11. Ne4 Nxe4 12. Bxe4 Nf6 13. Bd3 Nd5 14. Bd2 Qb6 15. Qf2 Bf6 16. c3 0-0-0 17. a3 Rhe8 18. Bf4 Nxf4 19. Qxf4 Bxd4+ 20. Kh1 Bf6 21. Bc4 Qxb2 22. Ba6 Re7 23. Rfb1 Qxc3 24. Rc1 Qxa1 25. Rxa1 Bxa1 26. Qa4 bxa6 0-1

[Event "Mazowieckie-chT 0506"]
[Site "Poland"]
[Date "2005.11.06"]
[Round "3"]
[White "Kicinski, Jacek"]
[Black "Nojszewski, Adam"]
[Result "1/2-1/2"]
[WhiteElo "1972"]
[BlackElo "2004"]
[PlyCount "87"]
[EventDate "2005.10.09"]
[EventType "team-tourn"]
[EventRounds "9"]
[EventCountry "POL"]
[SourceTitle "EXT 2019"]
[Source "ChessBase"]
[SourceDate "2018.10.10"]
[SourceVersion "1"]
[SourceVersionDate "2018.10.10"]
[SourceQuality "1"]

1. e4 e5 2. Nf3 Nc6 3. Bc4 Nf6 4. d4 Nxe4 5. dxe5 d5 6. Qxd5 Qxd5 7. Bxd5 Bf5 8. Bxc6+ bxc6 9. Nd4 Bd7 10. f3 Nc5 11. Be3 Ne6 12. Nd2 Nxd4 13. Bxd4 Bf5 14. 0-0-0 Be7 15. g4 Be6 16. Ne4 0-0 17. h3 Rfd8 18. f4 Bd5 19. Rhe1 Bb4 20. c3 Be7 21. b3 a5 22. Nc5 Bh4 23. Re3 Be7 24. Kc2 Bxc5 25. Bxc5 a4 26. c4 axb3+ 27. axb3 Be6 28. Rxd8+ Rxd8 29. f5 Bc8 30. e6 Re8 31. e7 f6 32. Kd3 Kf7 33. Ke4 Kg8 34. Kf4 Kf7 35. h4 h6 36. g5 hxg5+ 37. hxg5 g6 38. gxf6 Bxf5 39. Ke5 Rh8 40. b4 Bd7 41. Ra3 Rh5+ 42. Kf4 Rh4+ 43. Ke5 Rh5+ 44. Kf4 1/2-1/2

[Event "IECC CL3-2000.59"]
[Site "IECC email"]
[Date "2000.12.01"]
[Round "?"]
[White "Alejos, Pedro Alejandro"]
[Black "Kicinski, Jacek"]
[Result "1-0"]
[WhiteElo "1876"]
[BlackElo "1855"]
[PlyCount "79"]
[EventDate "2000.??.??"]
[EventType "tourn (corr)"]
[EventRounds "4"]
[SourceTitle "Corr 2008"]
[Source "ChessBase"]
[SourceDate "2008.06.24"]
[SourceVersion "1"]
[SourceVersionDate "2008.06.24"]
[SourceQuality "1"]

1. c4 Nf6 2. Nc3 c5 3. Nf3 d5 4. cxd5 Nxd5 5. e4 Nb4 6. Bc4 Nd3+ 7. Ke2 Nf4+ 8. Kf1 Ne6 9. b4 cxb4 10. Ne2 Nc7 11. d4 e6 12. h4 Nd7 13. Bg5 Be7 14. Rc1 Nb6 15. Bd3 Bd7 16. Bxe7 Kxe7 17. Qd2 Bc6 18. Ne5 Qd6 19. Nxc6+ bxc6 20. e5 Qd7 21. Qxb4+ Kd8 22. Rh3 Ncd5 23. Qc5 Rc8 24. Ba6 Rc7 25. Rb3 f5 26. a4 Ke8 27. a5 Nc8 28. Rcb1 Kf7 29. Rb7 Nce7 30. Qxa7 Rhc8 31. Rxc7 Rxc7 32. Qc5 f4 33. Bc4 Rb7 34. Ra1 h5 35. Ng1 Nf5 36. Nf3 Qe7 37. Ng5+ Kg8 38. a6 Qxc5 39. axb7 Qxc4+ 40. Kg1 1-0

[Event "IECC CL3-2000.16"]
[Site "IECC email"]
[Date "2000.02.24"]
[Round "?"]
[White "Kicinski, Jacek"]
[Black "Sandford, Marlon"]
[Result "0-1"]
[WhiteElo "1862"]
[BlackElo "1876"]
[PlyCount "88"]
[EventDate "2000.??.??"]
[EventType "tourn (corr)"]
[EventRounds "4"]
[SourceTitle "Corr 2008"]
[Source "ChessBase"]
[SourceDate "2008.06.24"]
[SourceVersion "1"]
[SourceVersionDate "2008.06.24"]
[SourceQuality "1"]

1. e4 e5 2. Nf3 f5 3. Nxe5 Qf6 4. d4 d6 5. Nc4 fxe4 6. Nc3 Qg6 7. f3 exf3 8. Qxf3 Nc6 9. Bd3 Qg4 10. Qe3+ Be7 11. d5 Nb4 12. 0-0 Nf6 13. Rf4 Qd7 14. Bf5 Qxf5 15. Rxf5 Bxf5 16. Nb5 0-0 17. Nxc7 Nxc2 18. Qxe7 Rae8 19. Nxe8 Rxe8 20. Qxe8+ Nxe8 21. Ne3 Nxa1 22. Nxf5 Nc2 23. Bd2 Kf7 24. Kf2 Kf6 25. g4 Ke5 26. Bc3+ Kxd5 27. Nxg7 Nxg7 28. Bxg7 Ke4 29. g5 Ne3 30. Bf6 d5 31. h4 d4 32. h5 Nd5 33. Ke1 Kf5 34. Bxd4 Kxg5 35. Bxa7 Kxh5 36. Kd2 Kg4 37. a4 Kf3 38. a5 h5 39. Ke1 Kg2 40. Bc5 h4 41. Bd6 h3 42. Ke2 Nf6 43. b4 Ne4 44. Be5 Ng3+ 0-1

[Event "IECC M email"]
[Site "IECC email"]
[Date "1999.12.04"]
[Round "?"]
[White "Kicinski, Jacek"]
[Black "Le Duigou, Jean Guy"]
[Result "0-1"]
[WhiteElo "1900"]
[BlackElo "2070"]
[PlyCount "70"]
[EventDate "1999.??.??"]
[EventType "tourn (corr)"]
[EventRounds "6"]
[SourceTitle "Corr 2008"]
[Source "ChessBase"]
[SourceDate "2008.06.24"]
[SourceVersion "1"]
[SourceVersionDate "2008.06.24"]
[SourceQuality "1"]

1. e4 c5 2. Nf3 e6 3. d4 cxd4 4. Nxd4 a6 5. Nc3 Qc7 6. Be2 Nf6 7. a3 b5 8. 0-0 Bb7 9. Bf3 d6 10. Bg5 Nbd7 11. Qe2 Rc8 12. Rad1 Be7 13. Rd2 0-0 14. Rfd1 Ne5 15. Bxf6 Bxf6 16. Ndxb5 axb5 17. Nxb5 Qa5 18. b4 Qb6 19. Nxd6 Rc3 20. Qb5 Qxb5 21. Nxb5 Rxf3 22. gxf3 Nxf3+ 23. Kf1 Nxd2+ 24. Rxd2 Bxe4 25. c4 Ra8 26. Nd6 Bg6 27. b5 Bc3 28. Rd1 Bc2 29. Rc1 Bd3+ 30. Kg1 Bb2 31. Rd1 Be2 32. Rd2 Bxa3 33. Rxe2 Bxd6 34. Rb2 Kf8 35. b6 Ke7 0-1

[Event "IECC M email"]
[Site "IECC email"]
[Date "1999.12.04"]
[Round "?"]
[White "Le Duigou, Jean Guy"]
[Black "Kicinski, Jacek"]
[Result "1-0"]
[WhiteElo "2079"]
[BlackElo "1891"]
[PlyCount "69"]
[EventDate "1999.??.??"]
[EventType "tourn (corr)"]
[EventRounds "6"]
[SourceTitle "Corr 2008"]
[Source "ChessBase"]
[SourceDate "2008.06.24"]
[SourceVersion "1"]
[SourceVersionDate "2008.06.24"]
[SourceQuality "1"]

1. Nf3 Nf6 2. c4 c5 3. g3 Nc6 4. Bg2 g6 5. 0-0 Bg7 6. Nc3 0-0 7. d4 cxd4 8. Nxd4 Nxd4 9. Qxd4 d6 10. Qd3 a6 11. Bd2 Rb8 12. Rac1 Nd7 13. e4 Ne5 14. Qe2 b5 15. cxb5 axb5 16. Nd5 Be6 17. b3 f5 18. Bg5 Bf6 19. Bxf6 exf6 20. exf5 Bxf5 21. Qd2 Rc8 22. Rxc8 Bxc8 23. Rc1 Rf7 24. Nc3 Qb6 25. Nxb5 Bb7 26. Nxd6 Bxg2 27. Rc8+ Rf8 28. Kxg2 Rxc8 29. Qd5+ Kg7 30. Nxc8 Qc7 31. Nd6 Kh6 32. b4 Qc2 33. b5 Nd3 34. Qd4 Qd1 35. Qxf6 1-0